Wszystkie przystanki tramwajowe w Warszawie - Statystyki

Ogólne statystyki
  • Ten quiz został rozwiązany 95 razy
  • Średni wynik to 105 z 240
Statystyki odpowiedzi
Linnie Przystanek % Poprawnych
4,7,9,15,22,24,25,35,36,78 Centrum
81%
(Pętla: 2,6,26,33) Metro Młociny
78%
7,9,17,22,24,25,33,41,78 Dworzec Centralny
76%
(Pętla: 3,6,9,24) Gocławek
74%
(Pętla: 2,17) Winnica
74%
1,6,15,28,46,41 Dworzec Gdański
69%
3,4,6,13,20,23,25,26,28 Dworzec Wileński
69%
7,9,22,24,25 Krucza
69%
1,7,9,11,22,24,25 plac Zawiszy
69%
2,17 Tarchomin
69%
(Pętla: 1,25,35) Banacha
67%
13,17,20,23,26,33,41,78 Kino Femina
67%
6,17 (Pętla: 27,36) Metro Marymont
67%
4,13,15,20,23,26,35,36,78 Metro Ratusz-Arsenał
67%
4,15,35,36,78 Metro Świętokrzyska
67%
1,7,9,11,15,25,35 (Pętla: 11,36) plac Narutowicza
67%
1,17,22,27,28,33,35,41 rondo "Radosława"
67%
4,14,20,23,26 Stare Miasto
67%
3,6,9,24 (Pętla: 22,26) Wiatraczna
67%
(Pętla: 1,3,25) Annopol
65%
3,6,7,13,25,26,28 Kijowska
65%
7,9,22,24,25 most Poniatowskiego
65%
17,33,41,78 rondo ONZ
65%
(Pętla: 20,78) Żerań FSO
65%
4,15,35,36,78 Metro Politechnika
63%
6,17 Metro Słodowiec
63%
6,15,36 plac Wilsona
63%
1,11,22,24 rondo Daszyńskiego
63%
7,9,22,24,25 rondo Waszyngtona
63%
17,33,41,78 Hala Mirowska
61%
4,17,41 (Pętla: 33) Kielecka
61%
4,17,33,41 Metro Pole Mokotowskie
61%
7,9,22,24,25 Muzeum Narodowe
61%
1,7,9,11,15,25,35 Och-Teatr
61%
4,15,35,36,78 plac Konstytucji
61%
7,9,22,24,25 plac Starynkiewicza
61%
1,22,27 Cmentarz Żydowski
59%
4,17,33,41 GUS
59%
2,6 Zajezdnia Żoliborz
59%
17,33,41 Anielewicza
57%
17,33,41,78 Koszykowa
57%
(Pętla: 15) Marymont-Potok
57%
28,33,35 (Pętla: 22) Piaski
57%
4,15,35,36,78 plac Zbawiciela
57%
(Pętla: 7,9,15) P+R Aleja Krakowska
57%
(Pętla: 4,75) Wyścigi
57%
1,6,28,41,78 most Gdański
56%
1,11,13,20,22,23,24,26,27,78 Okopowa
56%
1,3,4,25,41 rondo Żaba
56%
3,6,7,22,25,26 aleja Zieleniecka
54%
6,17 AWF
54%
(Pętla: 20) Boernerowo
54%
7,9,15 Hale Banacha
54%
4,15,35,36,78 Hoża
54%
1,11,22,24 Muzeum Powstania Warszawskiego
54%
17,31,41 PKP Służewiec
54%
1,22,27 Powązkowska
54%
13,20,23,26,78 Wola-Ratusz
54%
4,17,31,41 Woronicza
54%
(Pętla: 23) Czynszowa
52%
4,15,35,36,78 Królewska
52%
4,31 Metro Wierzbno
52%
4,75 Metro Wilanowska
52%
15,35,36,78 Muranów
52%
1,7,9,11,25 Ochota-Ratusz
52%
? Rakowiecka
52%
17,31,41 rondo Unii Europejskiej
52%
(Pętla: 2) Tarchomin Kościelny
52%
1,7,9,11,15,25,35 Wawelska
52%
4,17,41 Wołoska
52%
11,13,20,23,24,26,27,78 Zajezdnia Wola
52%
1,7,9,11,15,25,35 Bitwy Warszawskiej 1920 r.
50%
(Pętla: 13,27) Cmentarz Wolski
50%
(Pętla: 7,13) Kawęczyńska-Bazylika
50%
11,26,28,78 Metro Bemowo
50%
2,17 Nowodwory
50%
4,14,20,23,26 Park Praski
50%
3,6,13,25,26,28 Ząbkowska
50%
(Pętla: 4,41) Żerań Wschodni
50%
1,22,27 Niska
48%
26,28 (Pętla: 11,23,24,35) Nowe Bemowo
48%
17,33,41 Nowolipki
48%
4,15,35,36,78 plac Bankowy
48%
3,6,9,24 plac Szembeka
48%
6,20,28 Ratuszowa
48%
17,33,41,35 Stawki
48%
7,9,15 Hynka
46%
20,23,24 Młynów
46%
15,35,36 NIK
46%
4,15,17,33,35,36,41,78 Nowowiejska
46%
6,17 Park Kaskada
46%
7,9,15 PKP Rakowiec
46%
17,22,27,28,33,35 plac Grunwaldzki
46%
6,15,36 plac Inwalidów
46%
4,15,35,36,78 plac Politechniki
46%
3,6,22,26 Praga Południe-Ratusz
46%
1,6,20,28,41,78 rondo Starzyńskiego
46%
1,3,4,25,41 Toruńska
46%
1,6,28,41,78 Wybrzeże Helskie
46%
1,22,27 Żytnia
46%
1,28,41 Baseny Inflancka
44%
4,17,33,41 Biblioteka Narodowa
44%
6,17 Cmentarz Włoski
44%
11,20,26,28 Dywizjonu 303
44%
15,35,36,78 Muranowska
44%
(Pętla: 28,78) osiedle Górczewska
44%
6,17 UKSW
44%
4,17,41 Wołoska-Szpital
44%
7,9,15 Dickensa
43%
7,13 (Pętla: 28) Dworzec Wschodni (Kijowska)
43%
20,23,24 Koło
43%
2,17 Mehoffera
43%
20,23,24 PKP Koło
43%
6,20,28 Ratuszowa-ZOO
43%
22,28,33,35 Sady Żoliborskie
43%
2,17 Stare Świdry
43%
6,17 Szpital Bielański
43%
7,9,15 Instytut Lotnictwa
41%
9,24 Kinowa
41%
1,3,4,25,41 Kondratowicza
41%
22,28,33,35 Park Olszyna
41%
9,24 Park Skaryszewski
41%
6,20,28 plac Hallera
41%
? plac Unii Lubelskiej
41%
11,23,24,26,28 Radiowa
41%
15,35,36 Raszyńska
41%
1,3,4,25,41 Rembielińska
41%
2,17 Świderska
41%
4,31 Telewizja Polska
41%
3,6,9,24 Wspólna Droga
41%
26,33 Aspekt
39%
3,4,23,25 Inżynierska
39%
3,6,22,26 Lubelska
39%
11,13,26,27,78 Metro Płocka
39%
2,17 Myśliborska
39%
1,6,28,41,78 Park Traugutta
39%
17,31,41 Postępu
39%
6,17 Przy Agorze
39%
22,28,33,35 Romaszewskiego
39%
7,9,15 Włochy-Ratusz
39%
4,75 aleja Lotników
37%
11,26,78 Ciepłownia Wola
37%
4,41 Faradaya
37%
7,9,15 Korotyńskiego
37%
4,31,75 Królikarnia
37%
6,78 KS Polonia
37%
2,17 Stefanika
37%
22,28,33,35 Włościańska
37%
17,31,41 Wynalazek
37%
7,13 Zajezdnia Praga
37%
26,28,33,35 aleja Reymonta
35%
20 Archimedesa
35%
26,33 Cmentarz Wawrzyszewski
35%
17,31,41 Domaniewska
35%
(Pętla: 31,75) Dworkowa
35%
20,78 Dyrekcja FSO
35%
6,15,36 generała Zajączka
35%
2,17 Grzymalitów
35%
3,6,22,26 Kickiego
35%
7,9,15 Lipowczana
35%
4,75 Niedźwiedzia
35%
26,33 Nocznickiego
35%
11,13,26,27,78 PKP Wola (Wolska)
35%
1,3,4,25,41 Pożarowa
35%
4,17,41 Rakowiecka-Sanktuarium
35%
4,31 Samochodowa
35%
2,17 Śreniawitów
35%
20 WAT
35%
3,6,22,26 Bliska
33%
15 Bohomolca
33%
3,4,25 Bródnowska
33%
1,3,4,25,41 Budowlana
33%
26,28,35 Conrada
33%
11,26,78 Fort Wola
33%
9,24 Grenadierów
33%
1,3,4,25,41 Julianowska
33%
17,27 księdza Popiełuszki
33%
4,17,41 Kulskiego
33%
3,6,22,26 Międzyborska
33%
20,23,24 Młynarska
33%
26,28,35 Piastów Śląskich
33%
20,78 PIMot
33%
11,26,78 Połczyńska-parking P+R
33%
26,33 Popiela
33%
20,78 Śliwice
33%
11,26,78 Synów Pułku
33%
6,36 Teatr Komedia
33%
11,23,24,26,28 Wrocławska
33%
9,24 Berezyńska
31%
11,26,78 Czumy
31%
1,22,27 Dzielna
31%
35 Dzika
31%
20,78 Golędzinów
31%
11,26,78 Hala Wola
31%
17,31,41 Konstruktorska
31%
3,6,9,24 Kwatery Głównej
31%
31,75 Morskie Oko
31%
1,41 Namysłowska
31%
4,41 Odlewnicza
31%
26,28,35 Ogrody Działkowe Bemowo
31%
20,23,24 Orlich Gniazd
31%
11,13,26,27,78 Sokołowska
31%
1,3,4,25,41 Staniewicka
31%
20 Stare Bemowo
31%
? Trasa Łazienkowska
31%
20,78 Batalionu Platerówek
30%
26,33 Bogusławskiego
30%
11,13,26,27,78 Cmentarz Prawosławny
30%
3,6,9,24 Czapelska
30%
20,23,24 Deotymy
30%
4,41 Inowłodzka
30%
11,26,28 Kazubów
30%
28,78 Klemensiewicza
30%
23 Konopacka
30%
7,9,15 Krakowiaków
30%
20,23,24 Marynin
30%
1,3,4,25,41 Poborzańska
30%
7,13 Wojnicka
30%
3,6,9,24 Żółkiewskiego
30%
20,78 Budzińskiej-Tylickiej
28%
20,23,24 Dalibora
28%
11,13,26,27,78 Elekcyjna
28%
3,6,22,26 Gocławska
28%
20 Kocjana
28%
20 osiedle Zielony Staw
28%
11,26,78 plac Kasztelański
28%
6,17 Podleśna-IMiGW
28%
11,13,26,27,78 Sowińskiego
28%
20,23,24 Wawrzyszewska
28%
4,75 Bukowińska
26%
11,13,26,27,78 Reduta Wolska
26%
23 Środkowa
26%
31,75 Park Dreszera
24%
20,23,24 Długosza
22%
20,23,24 Magistracka
22%
20 Fort Blizne
20%
20 Siodlarska
20%
? Kasprzaka
19%
31,75 Malczewskiego
19%
? Prosta
4%
Nie znaleziono quizów pasujących do podanych kryteriów
Rozkład punktacji
Procent ludzi z każdym wynikiem
Percentyl według liczby udzielonych odpowiedzi
Twoja historia wyników
Nie rozwiązałeś tego quizu